| 000 | 00822nam a22002057a 4500 | ||
|---|---|---|---|
| 999 |
_c10229 _d10229 |
||
| 003 | AR-CdUCM | ||
| 008 | 190329b ||||| |||| 00| 0 spa d | ||
| 040 |
_aMUNICIPALIDAD PROVINCIAL DEL CUSCO _cBIBLIOTECA MUNICIPAL DEL CUSCO |
||
| 082 |
_a911.85 / _bB13 / 1905 |
||
| 100 |
_aBachmann, Carlos J, _926954 |
||
| 245 | _aHistoria de la demarcación política del Perú / | ||
| 260 |
_aLima : _bImpr. G. Clauss, _c1905. |
||
| 300 |
_axxxviii, 224 paginas ; _c 25 cm. |
||
| 505 | _aContenido : Departamento de amazonas -- Provincia constitucional del Callao -- Departamento del Cusco -- Provincia litoral de Tumbes -- Provincia litoral de Tarapaca... | ||
| 650 |
_aGeografía del Perú _98049 |
||
| 650 |
_aTerritorio Peruano _926955 |
||
| 650 |
_aDemarcación política _926956 |
||
| 942 |
_2ddc _cLIBROS |
||
| 945 | _awnts | ||